Pader río : cuentos y poemas del río paraná /

Guardado en:
Autor Principal: Giardinelli, Mempo
Formato: Libro
Publicado: Buenos Aires : Instituto Movilizador de Fondos Cooperativos, 2001
Series:Desde la gente
Materias:
Etiquetas: Agregar Etiqueta
Sin Etiquetas, Sea el primero en etiquetar este registro!
LEADER 00691nam a22002175a 4500
001 CEM.cems010812
005 20080317124924.0
008 130507s2001##################000#0#####d
003 CEMS
020 |a 9508600535 
082 0 4 |a A863.4 
100 1 |a Giardinelli, Mempo 
245 1 0 |a Pader río :  |b cuentos y poemas del río paraná /  |c Prólogo de Mempo Giardinelli 
260 |a Buenos Aires :  |b Instituto Movilizador de Fondos Cooperativos,  |c 2001 
300 |a 127 p. 
490 0 |a Desde la gente 
653 |a Cuentos 
653 |a Cuentos regionales argentinos 
653 |a Literatura argentina siglo 20 
653 |a Literatura 
859 |a CEMS  |b BIB. CEMS - 11 de abril  |h A863.4  |i G349  |p 21469.01  |t Ej.1